BABY GRAVY 3 - BABY GRAVY - Statistics

General Stats
  • This quiz has been taken 5 times
  • The average score is 3 of 12
Answer Stats
Songs Plays Artists % Correct
C'est La Vie 155,642,651 Yung Gravy, bbno$, Rich Brian
100%
Goodness Gracious 38,654,151 Yung Gravy, bbno$
33%
No Way Jose 15,646,197 Yung Gravy, bbno$
33%
Onomatopoeia 5,070,907 Yung Gravy, bbno$
33%
Pasadena 7,924,788 Yung Gravy, bbno$
33%
Super Smash Bros. 23,876,011 Yung Gravy, bbno$
33%
swiper no swiping! 13,416,573 Yung Gravy, bbno$
33%
You Need Jesus 40,922,528 Yung Gravy, bbno$
33%
back 2 back 2 back 4,266,753 Yung Gravy, bbno$
0%
Despicable G's 3,943,264 Yung Gravy, bbno$
0%
Nightmare on Peachtree Street 15,063,372 Yung Gravy, bbno$, Freddie Dredd
0%
touch grass 15,268,878 Yung Gravy, bbno$
0%
No matching quizzes found
Score Distribution
Percent of People with Each Score
Percentile by Number Answered
Your Score History
You have not taken this quiz